01652nam a22002417a 4500999001500000003000900015008004100024040007100065082002000136100003100156245004300187260004200230300003100272505085200303650002701155650003001182650002301212650001601235650003601251942001601287945000901303952009801312 c2817d2817AR-CdUCM190305b ||||| |||| 00| 0 spa d aMUNICIPALIDAD PROVINCIAL DEL CUSCOcBIBLIOTECA MUNICIPAL DEL CUSCO a869.56 / bC19 aCalderón Fajardo, Carlos aLa conciencia del límite último /  aLima : bMosca Azul editores, c1990. a96 páginas ; c19. 5 cm. aResumen: Un reportero de policiales debe cubrir una muerte diaria para poder alimentar la primera plana de un periódico sensacionalista. La labor pronto le obliga a imaginar los crímenes que la ciudad le niega, lo que genera que se disipe la frontera que separa ficción de realidad. El resultado es una novela negra fascinante, con un pie en la fantasía, que desde su aparición en 1990 se ha convertido en una obra de culto. Las resonancias, múltiples, van desde el homenaje a ‘Las mil y una noches’, donde la necesidad de narrar es una cuestión de vida o muerte, hasta los sorprendentes ejercicios verbales que los titulares de la prensa amarilla regalan cada día a los lectores peruanos. La conciencia del límite último no solo es la novela más celebrada de Carlos Calderón Fajardo, sino un clásico contemporáneo. aNarrativa peruana9226 aLiteratura - Perú96480 aNovela negra99808 aSiglo XX98 aLiteratura contemporánea9759 2ddccLIBROS alccs 002ddc4070aSHbSHcCARTd2019-03-05g15.00o869.56 / C19pSH0000003287r2019-03-05yLIBROS